Salud Pública : (Registro nro. 25567)
[ vista simple ]
| 000 -CABECERA | |
|---|---|
| Longitud fija campo de control | 00975nam a2200217 a 4500 |
| 003 - • IDENTIFICADOR DELl NÚMERO DE CONTROL | |
| Identificador del número de control | CO-ViMGA |
| 008 - • CÓDIGOS DE INFORMACIÓN DE LONGITUD FIJA | |
| Códigos de información de longitud fija | 141112s2004 ck r 000 u spa d |
| 020 ## - • NÚMERO INTERNACIONAL NORMALIZADO PARA LIBROS | |
| Número Internacional Normalizado para Libros (ISBN) | 9589400434 |
| 040 ## - FUENTE DE LA CATALOGACIÓN | |
| Centro catalogador de origen | CO-ViMGA |
| Lengua de catalogación | spa |
| Centro transcriptor | CO-ViMGA |
| 082 04 - • NÚMERO DE LA CLASIFICACIÓN DECIMAL DEWEY | |
| Número de clasificación (R) | 614 B515 |
| 100 1# - • PUNTO DE ACCESO PRINCIPAL-NOMBRE DE PERSONA | |
| Nombre de persona | Blanco Restrepo, Jorge Humberto; Maya Mejia, Jose Maria |
| 245 10 - • TITULO PROPIAMENTE DICHO | |
| Título | Salud Pública : |
| Resto del título | Tomo 3 |
| 300 ## - • DESCRIPCIÓN FÍSICA | |
| Extensión | 146p. |
| 490 ## - • MENCIÓN DE SERIE | |
| Mención de serie | Fundamentos de Salud Pública |
| 505 ## - • NOTA DE CONTENIDO CON FORMATO | |
| Nota de contenido con formato | Conceptos básicos Historia de la salud pública Políticas internacionales en salud Sistemas nacionales de salud Seguridad social en salud Descentralización en salud Prestación de servicios en la salud pública Programas de salud pública Atención primaria Promoción en salud Participación ciudadana y salud Educación en salud Gerencia de la salud pública ética y salud pública |
| 650 14 - • PUNTO DE ACCESO ADICIONAL DE MATERIA - TÉRMINO DE MATERIA | |
| Término de materia o nombre geográfico como elemento inicial | SALUD PUBLICA |
| 650 14 - • PUNTO DE ACCESO ADICIONAL DE MATERIA - TÉRMINO DE MATERIA | |
| Término de materia o nombre geográfico como elemento inicial | SERVICIOS DE SALUD |
| 942 ## - ENTRADA DE ELEMENTOS AGREGADOS (KOHA) | |
| Fuente de clasificaión o esquema | Dewey Decimal Classification |
| Koha [por defecto] tipo de item | LIbro |
| Perdido | Fuente de clasificación o esquema | Estado Físico | No para préstamo | Forma de adquisición | Localización permanente | Localización actual | Fecha adquisición | Serie de enumeración / cronolog&íacute;a | Préstamos totales | Signatura completa | Código de barras | Fecha última consulta | Número de copia | Fecha del precio de reemplazo | Tipo de item de Koha |
|---|---|---|---|---|---|---|---|---|---|---|---|---|---|---|---|
| Dewey Decimal Classification | Sala Especializada Tercer Piso | Biblioteca Pública Germán Arciniegas - Villavicencio | Biblioteca Pública Germán Arciniegas - Villavicencio | 12/04/2015 | Volumen. 1 | 11/jun/2009 | 614 B515 | 15193 | 08/18/2017 | Ej. 1 | 12/04/2015 | LIbro |